| 000 | 00473nam a22001697a 4500 | ||
|---|---|---|---|
| 005 | 20240108161849.0 | ||
| 008 | 220215b ||||| |||| 00| 0 eng d | ||
| 020 | _a8131300538 | ||
| 041 | _aeng | ||
| 082 |
_a610.7 _bTIW-H |
||
| 100 |
_aTIWARI , DR, SAKET RAMAN , RATHOR PROF CHHOTE LAL AND SING Dr. YOGESH KUMAR _98330 |
||
| 245 | _aHEALTH EDUCATION | ||
| 260 |
_aNEW DELHI _bA.P.H PUBLICATION _c2020 |
||
| 300 | _a229 ; P. | ||
| 650 |
_aPHARMACY _xB.PHARMA |
||
| 942 | _cBK | ||
| 999 |
_c7969 _d7967 |
||